000 00430nam a2200181Ia 4500
001 11560
005 20260306162837.0
008 260306t2016||||xx |||||||||||||| ||spa||
041 _aESP
082 _a985.092
_bP78
100 _aPorras Barrenechea, Raúl
_eAUT
245 0 _aPizarro el fundador
260 _c2016
300 _axxxv, 584 páginas :
_c24 cm.
650 _aGEN
654 _aCHU
942 _cLIB
_dJUS
_fJUS
_2ddc
_n
999 _c11560
_d11560